000 01143nam a22002777a 4500
003 dpl
005 20180723145230.0
008 180723b xxu||||| |||| 00| 0 eng d
010 _aA-652766
020 _c00.00
_a8121602645
035 _aA-652766, A-652778
037 _bCen Lib/Ret
040 _aDPL
_bHN
_c0
082 _a
_bवनद्यो
100 _aवंद्योपाध्याय, ताराशंकर
_960057
245 _aदुनिया एक बाज़ार /
_cताराशंकर वंद्योपाध्याय
246 _aDuniya ek bazar /
_bby Tarashankar Vandyopadhyay
260 _a दिल्ली
_bहिंदी पॉकेट बुक्स
_c1992
270 _aजी.टी.रोड शाहदरा
_b दिल्ली
_e110032
300 _a159पृ.
_c16सेमी(सजिल्द )
650 _aहिंदी साहित्य
_x
_z
_960058
650 _aहिंदी उपन्यास
_960059
650 _aHindi literature
_v
_960060
650 _aHindi fiction
_927248
942 _2ddc
_cHN
_h
_mवनद्यो
999 _c115138
_d115138